| 000 | 00557nam a2200193Ia 4500 | ||
|---|---|---|---|
| 005 | 20250326141833.0 | ||
| 008 | 250326s9999 xx 000 0 und d | ||
| 020 | _a0-631-1418-3 | ||
| 037 | _aTextbook | ||
| 040 |
_aFMSL _beng _cFMSL |
||
| 041 |
_aeng _2eng |
||
| 084 |
_aX5:5.1 M8 _qFMSL |
||
| 100 |
_aAlworth J S _9745134 |
||
| 245 | 0 |
_aFice Investment and taxation decisions of multinationals _cAlworth J S |
|
| 260 |
_aOxford _bOxford, Basil Blackwell _c1988 |
||
| 300 | _a304p | ||
| 942 |
_cTB _hX5:5.1 M8 |
||
| 999 |
_c1292215 _d1292215 |
||